Statistics for African City or Asian City?

Click here to take the quiz!

General Stats

  • This quiz has been taken 179 times
  • The average score is 16 of 20

Answer Stats

QuestionAnswer% Correct
Phnom PenhAsia
96%
AbujaAfrica
94%
AboboAfrica
90%
ChittagongAsia
89%
MombasaAfrica
88%
KolkataAsia
88%
BulawayoAfrica
86%
DoualaAfrica
86%
BusanAsia
86%
PattayaAsia
85%
CotonouAfrica
82%
DurbanAfrica
81%
AntalyaAsia
77%
UrumqiAsia
75%
BanguiAfrica
74%
MedanAsia
71%
TabrizAsia
65%
OranAfrica
61%
CaloocanAsia
61%
OmdurmanAfrica
57%

Score Distribution

Percentile by Number Answered

Percent of People with Each Score

Your Score History

You have not taken this quiz